Teoretyczne podstawy polityki gospodarczej
Guardado en:
| Otros Autores: | |
|---|---|
| Formato: | Libro |
| Lenguaje: | polaco |
| Publicado: |
Poznan
Wydawnictwo Akademii Ekonomicznej w Poznaniu
2006
|
| Colección: | Zeszyty naukowe
77 |
| Materias: | |
| Etiquetas: |
Sin Etiquetas, Sea el primero en etiquetar este registro!
|
MARC
| LEADER | 00000nam$a2200000$$$4500 | ||
|---|---|---|---|
| 001 | 0051463 | ||
| 005 | 20240104135441.0 | ||
| 020 | |a 978-83-7417-181-6 | ||
| 022 | |a 1641-2168 | ||
| 041 | 0 | |a pol | |
| 044 | |a PL | ||
| 245 | 1 | 0 | |a Teoretyczne podstawy polityki gospodarczej |c redaktor naukowy: Marek Ratajczak |
| 264 | 1 | |a Poznan |b Wydawnictwo Akademii Ekonomicznej w Poznaniu |c 2006 | |
| 300 | |a 198 s. | ||
| 490 | 1 | |a Zeszyty naukowe |v 77 | |
| 830 | 0 | |a Zeszyty naukowe |v 77 | |
| 610 | 2 | 0 | |a politika hospodárska |
| 610 | 2 | 0 | |a hypotézy |
| 610 | 2 | 0 | |a nezamestnanosť |
| 610 | 2 | 0 | |a makroekonomika |
| 610 | 2 | 0 | |a ekonometria |
| 610 | 2 | 0 | |a politika peňažná |
| 610 | 2 | 0 | |a politika investičná |
| 610 | 2 | 0 | |a geografia hospodárska |
| 610 | 2 | 0 | |a rast hospodársky |
| 610 | 2 | 0 | |a infraštruktúra |
| 610 | 2 | 0 | |a fondy investičné |
| 610 | 2 | 0 | |a Poľsko |
| 700 | 1 | |a Ratajczak, Marek | |